University Home | Library Home | Institutional Repository

Natural relief for arthritis / (Record no. 43592)

MARC details
000 -LEADER
fixed length control field 00894cam8a220026500 4500
001 - CONTROL NUMBER
control field lce01474061
008 - FIXED-LENGTH DATA ELEMENTS--GENERAL INFORMATION
fixed length control field 821123s1983 paua 001 0 eng
010 ## - LIBRARY OF CONGRESS CONTROL NUMBER
LC control number 82023111
020 ## - INTERNATIONAL STANDARD BOOK NUMBER
Terms of availability
-- 5.95
035 ## - SYSTEM CONTROL NUMBER
System control number (Sirsi) r24340
035 ## - SYSTEM CONTROL NUMBER
System control number (DLC) 82023111
035 ## - SYSTEM CONTROL NUMBER
System control number (UPRA)lce01474061
040 ## - CATALOGING SOURCE
Modifying agency UPRA
050 0# - LIBRARY OF CONGRESS CALL NUMBER
Classification number RC933
Item number .K4 1983
082 0# - DEWEY DECIMAL CLASSIFICATION NUMBER
Classification number 616.7/22
Edition number 19
100 1# - MAIN ENTRY--PERSONAL NAME
Personal name Keough, Carol.
Linkage A86763.1
245 10 - TITLE STATEMENT
Title Natural relief for arthritis /
Statement of responsibility, etc. by Carol Keough and the editors of Prevention magazine ; [illustrations by Nancy Wood].
260 ## - PUBLICATION, DISTRIBUTION, ETC.
Place of publication, distribution, etc. Emmaus, PA :
Name of publisher, distributor, etc. Rodale Press,
Date of publication, distribution, etc. c1983.
500 ## - GENERAL NOTE
General note Includes index.
650 #0 - SUBJECT ADDED ENTRY--TOPICAL TERM
Topical term or geographic name entry element Arthritis -- Prevention.
General subdivision Arthritis -- Prevention.
Linkage S62492.1
650 #0 - SUBJECT ADDED ENTRY--TOPICAL TERM
Topical term or geographic name entry element Arthritis -- Treatment.
General subdivision Arthritis -- Treatment.
Linkage S62493.1
730 0# - ADDED ENTRY--UNIFORM TITLE
Uniform title Prevention (Emmaus, Pa.)
949 ## - LOCAL PROCESSING INFORMATION (OCLC)
a RC933
w LC
i -23918
m MEDICAL
t BOOK
l ON-SHELF
Holdings
Withdrawn status Lost status Source of classification or shelving scheme Damaged status Not for loan Home library Current library Shelving location Total Checkouts Full call number Barcode Date last seen Copy number Price effective from Koha item type
    Library of Congress Classification     Medical Library Medical Library On Shelf   RC933 -23918 08/13/2019 1 08/13/2019 Book
© 2026 - The University of Zambia Library - Koha v25.11